Les primes à plus de 1Md dans One Pièce - Statistiques

Statistiques générales
  • Ce quiz a été pris 115 fois
  • Le résultat moyen est 20 sur 24
Statistiques - réponses
Nombres premiers Personnages % Correct
3.000.000.000 Monkey D. / Luffy
99%
1.111.000.000 Zoro
98%
5.046.000.000 Edward Newgate / Barbe Blanche / BB
97%
1.032.000.000 Sanji / Vinsmoke
97%
3.000.000.000 Trafalgar D. / Law
97%
4.611.100.000 Kaido
96%
3.000.000.000 Kidd / Kid
94%
4.048.900.000 Shanks
94%
3.996.000.000 Teach / BN / Marshall D.
94%
5.564.800.000 Gol D. Roger / Roger
93%
1.100.000.000 Jinbei /Jinbe
89%
3.189.000.000 Baggy / Buggy
88%
1.320.000.000 Queen
87%
1.057.000.000 Charlotte / Katakuri
85%
4.388.000.000 Charlotte Linlin / Linlin
85%
1.390.000.000 King
85%
3.590.000.000 Mihawk
83%
1.965.000.000 Crocodile
79%
1.000.000.000 Jack
75%
1.374.000.000 Marco
71%
1.659.000.000 Boa / Hancock
70%
1.800.000.000 Brogy
56%
1.800.000.000 Dorry
56%
2.600.000.000 Loki
51%
Aucun quiz correspondant
Distribution des résultats
% des personnes avec chaque résultat
Percentile par nombre de réponses
Votre historique - résultats
Vous n’avez pas pris ce quiz